Waiting town : (Record no. 1308921)
[ view plain ]
| 000 -LEADER | |
|---|---|
| fixed length control field | 01723nam a22002297a 4500 |
| 005 - DATE AND TIME OF LATEST TRANSACTION | |
| control field | 20250530123421.0 |
| 008 - FIXED-LENGTH DATA ELEMENTS--GENERAL INFORMATION | |
| fixed length control field | 250412b |||||||| |||| 00| 0 eng d |
| 020 ## - INTERNATIONAL STANDARD BOOK NUMBER | |
| International Standard Book Number | 9789358520194 |
| 040 ## - CATALOGING SOURCE | |
| Transcribing agency | SDCL |
| 041 ## - LANGUAGE CODE | |
| Source of code | eng |
| Language code of text/sound track or separate title | eng |
| 084 ## - COLON CLASSIFICATION NUMBER | |
| Classification number | V231'P R4 |
| 100 ## - MAIN ENTRY--PERSONAL NAME | |
| Personal name | Bjorkman, Lisa |
| 9 (RLIN) | 271531 |
| 245 ## - TITLE STATEMENT | |
| Title | Waiting town : |
| Remainder of title | Life in transit and Mumbai’s other world-class histories |
| 260 ## - PUBLICATION, DISTRIBUTION, ETC. | |
| Place of publication, distribution, etc. | Delhi: |
| Name of publisher, distributor, etc. | Primus Books, |
| Date of publication, distribution, etc. | 2024. |
| 300 ## - PHYSICAL DESCRIPTION | |
| Extent | xiv, 152p. |
| 520 ## - SUMMARY, ETC. | |
| Summary, etc. | Drawing on a decade of ethnographic research in the Indian city of Mumbai, Waiting Town is an unconventional little book - experimental in form - about how we come to know the worlds about which we write. The narrative follows the author's fieldnotes diaries as they wend their way through a series of ethnographic puzzles that emerge in the wake of a high-profile mega-infrastructure project that became an internationally celebrated prototype and model. Waiting Town complicates this celebratory narrative by revealing the conflicting temporalities and procedural pretentions of 'world class' developmentalism. On one level, Waiting Town is a book about Mumbai - about housing schemes and scams, about 'duplicate' documents (and 'duplicate duplicates'), and about the material wreckage wrought by the city's 'world-class' ambitions. And at the same time, it has a larger story to tell about truth and falsehood, time and memory - and about the promises and pitfalls of knowledge production, interpretation and representation more generally. |
| 650 ## - SUBJECT ADDED ENTRY--TOPICAL TERM | |
| Topical term or geographic name entry element | Domestic -- India -- Mumbai |
| 9 (RLIN) | 811183 |
| 650 ## - SUBJECT ADDED ENTRY--TOPICAL TERM | |
| Topical term or geographic name entry element | Dwellings -- India -- Mumbai |
| 9 (RLIN) | 811184 |
| 650 ## - SUBJECT ADDED ENTRY--TOPICAL TERM | |
| Topical term or geographic name entry element | Political Science / World / Asian |
| 9 (RLIN) | 811185 |
| 942 ## - ADDED ENTRY ELEMENTS (KOHA) | |
| Source of classification or shelving scheme | Colon Classification (CC) |
| Koha item type | Textual |
| Suppress in OPAC | No |
| Withdrawn status | Lost status | Source of classification or shelving scheme | Damaged status | Not for loan | Home library | Current library | Date acquired | Source of acquisition | Inventory number | Total Checkouts | Full call number | Barcode | Date last seen | Price effective from | Koha item type |
|---|---|---|---|---|---|---|---|---|---|---|---|---|---|---|---|
| Colon Classification (CC) | South Campus Library | South Campus Library | 2025-04-12 | Govinda Book House | 6527, 23/11/2024, INR 1595.00 | V231'P R4 | SC1690567 | 2025-04-12 | 2025-04-12 | Textual |
